| 000 | 00400nam a2200157Ia 4500 | ||
|---|---|---|---|
| 008 | 230312s9999||||xx |||||||||||||| ||und|| | ||
| 020 | _a0-08-096603--8 | ||
| 082 |
_a340.9 _bCOU-A |
||
| 100 | _aCousins;Matthew | ||
| 245 | 0 | _aArchitect's Legal Pocket Book | |
| 260 |
_bElsevier _aUSA _c2011 |
||
| 300 | _a357 | ||
| 546 | _aEng. | ||
| 650 |
_aArchitecture _vArchitect's Legal Pocket Book |
||
| 942 | _cBK | ||
| 999 |
_c8246 _d8246 |
||